Karışık Ülkeler Bulmacası - 2 - Statistics

General Stats
  • This quiz has been taken 235 times
  • The average score is 13 of 30
Answer Stats
İpucu Cevap % Correct
Baryum elementinin sembolü BA
91%
Yaz mevsiminden önceki mevsim: ilk "....." BAHAR
87%
Telefon konuşmasına başlarken kullanılan bir seslenme ALO
82%
Dünya'nın uydusu AY
79%
Evcil olmayan hayvanları vurma ve yakalama işi AV
78%
Temiz olmayan, kirli PİS
71%
İki hidrojen bir oksijen SU
69%
İslam, Hrıstiyanlık, Yahudilik, Musevilik gibi inanışların genel adı DİN
68%
Devegiller ailesinden olan, güney amerikada yaşayan, tüküren vahşi hayvan LAMA
67%
Telefon konuşması yapabilmek için gerekli küçük kart SİM
66%
Işığı yansıtan, arkası sırla kaplı cisim AYNA
58%
"Fareli köyün .....cısı"noktalı yere gelmesi gereken üflemeli müzik aleti KAVAL
58%
Halk ağzında kadın, dişi, karı AVRAT
44%
BAHAMALAR
42%
Gemilerde yolcu ve gemicilerin kaldıkları oda KAMARA
39%
İSPANYA
33%
Buğday ve benzeri, insan yaşamı için değerli, kutsal olan şeyler, yiyecek içecek, özellikle ekmek NİMET
30%
Aynı atadan gelen kimselerin oluşturduğu topluluk, ırk, sülale SOY
30%
Sevgili YAR
29%
Çok sert, dayanıklı ve esnek olan, bileşiminde az miktarda karbon yer alan demir ve karbon alaşımı ÇELİK
28%
SOMALİ
27%
DANİMARKA
24%
RUSYA
24%
İyi huylu, kolayca yönetilebilen, uyumlu kimse UYSAL
19%
BELÇİKA
18%
Kuzey Amerika'da, ağaçlarda yaşayan, kafası tilkiye benzeyen, uzun kuyruğu alaca olan kürklü hayvan RAKUN
18%
SLOVAKYA
17%
AVUSTRALYA
15%
UKRAYNA
13%
VİETNAM
11%
No matching quizzes found
Score Distribution
Percent of People with Each Score
Percentile by Number Answered
Your Score History
You have not taken this quiz